Reconversión productiva y juventud /

Guardat en:
Dades bibliogràfiques
Autor principal: Rojas Flores, Oscar
Altres autors: Jiménez Mora, Guillermo
Format: Text
Etiquetes: Afegir etiqueta
Sense etiquetes, Sigues el primer a etiquetar aquest registre!

MARC

LEADER 00000 a a2200000 04500
001 18534
003
040
100 |a Rojas Flores, Oscar  
245 |a Reconversión productiva y juventud /  |c Oscar Rojas Flores 
700 |a Jiménez Mora, Guillermo  
773 |g número 31; páginas 33-64  
999 |c 39879  |d 39879